[Event "EU-chT Seniors 12th"]
[Site "Dresden"]
[Date "2010.02.18"]
[Round "9"]
[White "Mascini, Jan"]
[Black "Kaiser, Hans"]
[Result "1-0"]
[WhiteElo "1894"]
[BlackElo "1868"]
[PlyCount "31"]
[EventDate "2010.02.10"]
[EventType "team-swiss"]
[EventRounds "9"]
[EventCountry "GER"]
[SourceTitle "CBM 134 Extra"]
[Source "ChessBase"]
[SourceDate "2010.03.03"]
[SourceVersion "1"]
[SourceVersionDate "2010.03.03"]
[SourceQuality "1"]
[WhiteTeam "Oranje (Seniors) II"]
[BlackTeam "Berlin DBAG (Seniors)"]
[WhiteTeamCountry "NED"]
[BlackTeamCountry "GER"]

1. Nf3 c5 2. c4 Nf6 3. Nc3 Nc6 4. d4 cxd4 5. Nxd4 d6 6. e4 g6 7. Be2 Bg7 8. Be3 0-0 9. 0-0 Ng4 10. Bxg4 Nxd4 11. Bxc8 Qxc8 12. Bxd4 e5 13. Be3 Qxc4 14. Qxd6 Rfd8 15. Qc5 Qe6 16. Nd5 1-0

[Event "EU-chT Seniors 12th"]
[Site "Dresden"]
[Date "2010.02.16"]
[Round "7"]
[White "Runonen, Rolf"]
[Black "Kaiser, Hans"]
[Result "1-0"]
[WhiteElo "1782"]
[BlackElo "1868"]
[PlyCount "59"]
[EventDate "2010.02.10"]
[EventType "team-swiss"]
[EventRounds "9"]
[EventCountry "GER"]
[SourceTitle "CBM 134 Extra"]
[Source "ChessBase"]
[SourceDate "2010.03.03"]
[SourceVersion "1"]
[SourceVersionDate "2010.03.03"]
[SourceQuality "1"]
[WhiteTeam "Botnia (Seniors)"]
[BlackTeam "Berlin DBAG (Seniors)"]
[WhiteTeamCountry "FIN"]
[BlackTeamCountry "GER"]

1. e4 c5 2. d4 cxd4 3. c3 dxc3 4. Nxc3 Nc6 5. Bb5 e6 6. Nf3 Bb4 7. 0-0 Nge7 8. Bg5 Qa5 9. Qd3 Bxc3 10. bxc3 0-0 11. Bd2 Qa3 12. Rfb1 Qc5 13. Ba4 a6 14. Bc2 Ne5 15. Nxe5 Qxe5 16. f4 Qh5 17. Rf1 f5 18. Qd6 Qf7 19. Rf3 fxe4 20. Bxe4 Nf5 21. Qd3 d5 22. Bxf5 Qxf5 23. Qd4 b5 24. Re1 Qf7 25. Be3 Bd7 26. Qb4 Rfc8 27. Bd4 Qf8 28. Rg3 g6 29. Qb1 Rc4 30. Rxg6+ 1-0

[Event "Bad Breisig Seniors op"]
[Site "Bad Breisig"]
[Date "2009.11.25"]
[Round "5"]
[White "Classen, Herbert"]
[Black "Kaiser, Hans"]
[Result "0-1"]
[WhiteElo "1913"]
[BlackElo "1801"]
[PlyCount "58"]
[EventDate "2009.11.21"]
[EventType "swiss"]
[EventRounds "9"]
[EventCountry "GER"]
[SourceTitle "EXT 2019"]
[Source "ChessBase"]
[SourceDate "2018.10.10"]
[SourceVersion "1"]
[SourceVersionDate "2018.10.10"]
[SourceQuality "1"]

1. e4 c5 2. Nf3 Nc6 3. d4 cxd4 4. Nxd4 Nf6 5. Nc3 e5 6. Ndb5 d6 7. Nd5 Nxd5 8. exd5 Nb8 9. Bd3 a6 10. Nc3 Qh4 11. Be3 f5 12. g3 Qf6 13. Qd2 Be7 14. 0-0-0 0-0 15. h4 b5 16. Be2 Nd7 17. h5 Bd8 18. f4 Bb6 19. Bxb6 Nxb6 20. fxe5 dxe5 21. Rdf1 Qd6 22. h6 g6 23. Rhg1 Bb7 24. g4 f4 25. Bf3 Nc4 26. Qd3 Ne3 27. Re1 Rae8 28. Rxe3 fxe3 29. Qxe3 Qf6 0-1

[Event "Bad Breisig Seniors op"]
[Site "Bad Breisig"]
[Date "2009.11.24"]
[Round "4"]
[White "Kaiser, Hans"]
[Black "Buzov, Boris"]
[Result "0-1"]
[WhiteElo "1801"]
[BlackElo "2132"]
[PlyCount "84"]
[EventDate "2009.11.21"]
[EventType "swiss"]
[EventRounds "9"]
[EventCountry "GER"]
[SourceTitle "EXT 2019"]
[Source "ChessBase"]
[SourceDate "2018.10.10"]
[SourceVersion "1"]
[SourceVersionDate "2018.10.10"]
[SourceQuality "1"]

1. e4 d5 2. exd5 Qxd5 3. Nc3 Qd6 4. d4 Nf6 5. Nf3 a6 6. Bd3 Bg4 7. Be3 Nc6 8. Ne2 Bxf3 9. gxf3 e5 10. dxe5 Nxe5 11. Ng3 Nxd3+ 12. Qxd3 Qxd3 13. cxd3 0-0-0 14. Ke2 Nd5 15. a3 g6 16. Rac1 Bg7 17. Rc2 Rhe8 18. Rhc1 f5 19. f4 Bd4 20. Nf1 Bxe3 21. Nxe3 Nxf4+ 22. Kf3 Ne6 23. Rc3 Re7 24. Nc4 Nd4+ 25. Kg2 Ne2 26. Re1 Nf4+ 27. Kf1 Rxe1+ 28. Kxe1 Nxd3+ 29. Ke2 Nf4+ 30. Kf3 Ne6 31. Re3 Re8 32. Rd3 Ng5+ 33. Kg2 Re2 34. h4 Ne4 35. Rf3 b5 36. Ne5 Nxf2 37. Rxf2 Rxe5 38. Rc2 c5 39. Kg3 c4 40. Kf4 Re4+ 41. Kg3 Kd7 42. b3 cxb3 0-1

[Event "Bergisch Gladbach-ch"]
[Site "Bergisch Gladbach"]
[Date "2008.09.05"]
[Round "4"]
[White "Bloemer, Guenter"]
[Black "Kaiser, Hans"]
[Result "0-1"]
[WhiteElo "1314"]
[BlackElo "1619"]
[PlyCount "74"]
[EventDate "2008.08.15"]
[EventType "swiss"]
[EventRounds "7"]
[EventCountry "GER"]
[SourceTitle "EXT 2011"]
[Source "ChessBase"]
[SourceDate "2010.11.26"]
[SourceVersion "1"]
[SourceVersionDate "2010.11.26"]
[SourceQuality "1"]

1. d4 Nf6 2. c4 e6 3. Nc3 Bb4 4. Qc2 c5 5. dxc5 Bxc5 6. Bg5 Nc6 7. Nf3 Be7 8. a3 d6 9. e3 a6 10. Rd1 Qc7 11. Bd3 h6 12. Bh4 b6 13. h3 Bb7 14. Bg3 0-0 15. Ne4 Rfd8 16. h4 e5 17. Neg5 Nh5 18. Nxf7 Nxg3 19. Nxh6+ gxh6 20. fxg3 Bf8 21. g4 Qg7 22. g5 Ne7 23. Qb3 Bxf3 24. gxf3 Qf7 25. Be4 h5 26. g6 Qf6 27. c5+ d5 28. Qxb6 Qxb6 29. cxb6 dxe4 30. Rc1 Rab8 31. Rg1 Rxb6 32. Rc5 Rxb2 33. Rg5 exf3 34. g7 f2+ 35. Kf1 Rd1+ 36. Kg2 f1Q+ 37. Kg3 Rg2+ 0-1

[Event "Bergisch Gladbach-ch"]
[Site "Bergisch Gladbach"]
[Date "2008.08.22"]
[Round "2"]
[White "Kaiser, Hans"]
[Black "Lietz, Werner"]
[Result "1-0"]
[WhiteElo "1619"]
[BlackElo "1401"]
[PlyCount "56"]
[EventDate "2008.08.15"]
[EventType "swiss"]
[EventRounds "7"]
[EventCountry "GER"]
[SourceTitle "EXT 2011"]
[Source "ChessBase"]
[SourceDate "2010.11.26"]
[SourceVersion "1"]
[SourceVersionDate "2010.11.26"]
[SourceQuality "1"]

1. e4 e5 2. Nf3 d6 3. d4 exd4 4. Nxd4 Nf6 5. Nc3 Be7 6. Bc4 0-0 7. 0-0 a6 8. Re1 Nbd7 9. a4 Ne5 10. Be2 Bd7 11. f4 Nc6 12. Nf3 Bg4 13. h3 Bxf3 14. Bxf3 Nd7 15. g3 Bf6 16. Nd5 Nd4 17. Bg2 c6 18. Ne3 Qb6 19. Kh2 Rae8 20. Ra3 Ne6 21. Nc4 Qc7 22. Qxd6 b5 23. Qxc7 Nxc7 24. Nd6 Re6 25. e5 Be7 26. Rd1 c5 27. axb5 Nxb5 28. Nxb5 axb5 1-0

[Event "Bad Woerishofen Seniors op 24th"]
[Site "Bad Woerishofen"]
[Date "2008.03.04"]
[Round "6"]
[White "Kaiser, Hans"]
[Black "Storkebaum, Karl Heinrich"]
[Result "1/2-1/2"]
[WhiteElo "1640"]
[BlackElo "1749"]
[PlyCount "47"]
[EventDate "2008.02.28"]
[EventType "swiss"]
[EventRounds "9"]
[EventCountry "GER"]
[SourceTitle "EXT 2022"]
[Source "ChessBase"]
[SourceDate "2021.10.06"]
[SourceVersion "1"]
[SourceVersionDate "2021.10.06"]
[SourceQuality "1"]

1. e4 c5 2. Nf3 d6 3. d4 cxd4 4. Nxd4 Nf6 5. Nc3 a6 6. Bc4 e6 7. Qe2 Nc6 8. Be3 Be7 9. 0-0-0 0-0 10. f3 Qc7 11. Bb3 Na5 12. g4 Nxb3+ 13. axb3 b5 14. g5 Nd7 15. Rhg1 Bb7 16. h4 b4 17. Na4 Bc6 18. Nxc6 Qxc6 19. Rd2 Rfc8 20. Kb1 Rab8 21. Bd4 Rb5 22. f4 e5 23. fxe5 dxe5 24. Bf2 1/2-1/2

[Event "GER-ch Seniors Gp-A 19th"]
[Site "Templin"]
[Date "2007.08.24"]
[Round "2"]
[White "Kaiser, Hans"]
[Black "Tuertmann, Dieter"]
[Result "1/2-1/2"]
[WhiteElo "1638"]
[BlackElo "1789"]
[PlyCount "51"]
[EventDate "2007.08.23"]
[EventType "swiss"]
[EventRounds "9"]
[EventCountry "GER"]
[SourceTitle "EXT 2022"]
[Source "ChessBase"]
[SourceDate "2021.10.06"]
[SourceVersion "1"]
[SourceVersionDate "2021.10.06"]
[SourceQuality "1"]

1. e4 d6 2. Nf3 Nf6 3. Nc3 Bg4 4. h3 Bh5 5. Be2 Bg6 6. d3 e5 7. a3 Be7 8. Be3 Nbd7 9. Nd2 c6 10. f4 exf4 11. Bxf4 0-0 12. Nf3 Qb6 13. Rb1 Rfe8 14. Qd2 a6 15. Be3 Qc7 16. 0-0 c5 17. Bf4 b5 18. b3 Rac8 19. a4 b4 20. Nd1 Bf8 21. Ne3 Ne5 22. Nxe5 dxe5 23. Bg5 Nd7 24. Bg4 f6 25. Bh4 Bf7 26. Rf2 1/2-1/2

[Event "GER-ch Seniors Gp-A 19th"]
[Site "Templin"]
[Date "2007.08.23"]
[Round "1"]
[White "Ophoff, Rigobert"]
[Black "Kaiser, Hans"]
[Result "1-0"]
[WhiteElo "1862"]
[BlackElo "1638"]
[PlyCount "59"]
[EventDate "2007.08.23"]
[EventType "swiss"]
[EventRounds "9"]
[EventCountry "GER"]
[SourceTitle "EXT 2022"]
[Source "ChessBase"]
[SourceDate "2021.10.06"]
[SourceVersion "1"]
[SourceVersionDate "2021.10.06"]
[SourceQuality "1"]

1. d4 Nf6 2. c4 e6 3. Nc3 b6 4. Nf3 Bb7 5. Qc2 d6 6. e4 Be7 7. Bd3 c5 8. d5 e5 9. 0-0 0-0 10. Ne1 Nbd7 11. g3 Re8 12. f4 Bf8 13. f5 g6 14. Be2 Bg7 15. g4 gxf5 16. gxf5 Kh8 17. Kh1 Rg8 18. Rg1 h6 19. Be3 Nh7 20. Qd2 Qf6 21. Nf3 Ndf8 22. Rg2 Bc8 23. Bd3 b5 24. Nxb5 Bd7 25. Nc3 Rb8 26. Rag1 Bxf5 27. exf5 Nd7 28. Be4 Nb6 29. b3 a6 30. Rg3 1-0

[Event "Bad Woerishofen Seniors opA 23rd"]
[Site "Bad Woerishofen"]
[Date "2007.03.16"]
[Round "9"]
[White "Kaiser, Hans"]
[Black "Blutharsch, Walter"]
[Result "1/2-1/2"]
[WhiteElo "1630"]
[BlackElo "1724"]
[PlyCount "98"]
[EventDate "2007.03.08"]
[EventType "swiss"]
[EventRounds "9"]
[EventCountry "GER"]
[SourceTitle "EXT 2022"]
[Source "ChessBase"]
[SourceDate "2021.10.06"]
[SourceVersion "1"]
[SourceVersionDate "2021.10.06"]
[SourceQuality "1"]

1. e4 e5 2. Nf3 Nc6 3. d4 exd4 4. Nxd4 Nf6 5. Nxc6 bxc6 6. e5 Nd5 7. c4 Nb6 8. Nc3 d5 9. cxd5 cxd5 10. Bb5+ Bd7 11. 0-0 c6 12. Bd3 Bc5 13. Qh5 Qe7 14. Bg5 Qe6 15. Kh1 h6 16. f4 Qg4 17. Qxg4 Bxg4 18. Bh4 0-0 19. f5 Rae8 20. h3 Bh5 21. g4 Bxg4 22. hxg4 Rxe5 23. Rae1 Rfe8 24. Rxe5 Rxe5 25. Re1 f6 26. Bg3 Re3 27. Rxe3 Bxe3 28. Kg2 c5 29. Kf3 Bc1 30. b3 c4 31. bxc4 dxc4 32. Be4 Bd2 33. Nb1 Bb4 34. Ke2 Kf8 35. Kd1 Ke7 36. Kc2 Kd7 37. Nc3 Bc5 38. Nd5 Na4 39. Bf4 a6 40. Ne3 Bxe3 41. Bxe3 Kd6 42. Bf4+ Kd7 43. Bd5 Nb6 44. Be6+ Kc6 45. Bc1 Nd5 46. Kd1 Kc5 47. a3 Kd4 48. Bc8 a5 49. Ke2 Nc3+ 1/2-1/2

[Event "Bad Woerishofen Seniors opA 23rd"]
[Site "Bad Woerishofen"]
[Date "2007.03.15"]
[Round "8"]
[White "Reichwald, Klaus Dieter"]
[Black "Kaiser, Hans"]
[Result "1/2-1/2"]
[WhiteElo "1764"]
[BlackElo "1630"]
[PlyCount "28"]
[EventDate "2007.03.08"]
[EventType "swiss"]
[EventRounds "9"]
[EventCountry "GER"]
[SourceTitle "EXT 2022"]
[Source "ChessBase"]
[SourceDate "2021.10.06"]
[SourceVersion "1"]
[SourceVersionDate "2021.10.06"]
[SourceQuality "1"]

1. e4 c5 2. Nc3 e6 3. g3 d5 4. d3 dxe4 5. Nxe4 Nf6 6. Bg2 Nxe4 7. Bxe4 Bd6 8. Ne2 0-0 9. 0-0 Nd7 10. Bd2 Nf6 11. Bg2 Rb8 12. Nc3 a6 13. Bg5 h6 14. Be3 e5 1/2-1/2

[Event "Bad Woerishofen Seniors opA 23rd"]
[Site "Bad Woerishofen"]
[Date "2007.03.12"]
[Round "5"]
[White "Kaiser, Hans"]
[Black "Zohr, Adelbert"]
[Result "0-1"]
[WhiteElo "1630"]
[BlackElo "1857"]
[PlyCount "74"]
[EventDate "2007.03.08"]
[EventType "swiss"]
[EventRounds "9"]
[EventCountry "GER"]
[SourceTitle "EXT 2022"]
[Source "ChessBase"]
[SourceDate "2021.10.06"]
[SourceVersion "1"]
[SourceVersionDate "2021.10.06"]
[SourceQuality "1"]

1. d4 Nf6 2. c4 e6 3. Nf3 b6 4. g3 Bb7 5. Bg2 Bb4+ 6. Bd2 Bxd2+ 7. Nbxd2 0-0 8. 0-0 d6 9. e3 Nbd7 10. b4 c5 11. dxc5 dxc5 12. a3 Qe7 13. Qb3 Rac8 14. Rfd1 Rc7 15. Rac1 Rfc8 16. b5 a6 17. a4 axb5 18. axb5 Ra8 19. Ra1 Rcc8 20. Bf1 h6 21. Qb2 e5 22. h3 e4 23. Ne1 Qe6 24. Kh2 Ne5 25. Be2 Rd8 26. Rxa8 Rxa8 27. Qb3 Rd8 28. Qc3 Bc8 29. Bf1 Qf5 30. Kg1 Qh5 31. Ra1 Bxh3 32. Bxh3 Qxh3 33. Qxe5 Ng4 34. Qf5 g6 35. Qf4 Qh2+ 36. Kf1 Rxd2 37. Ra8+ Kg7 0-1

[Event "Bad Woerishofen Seniors opA 23rd"]
[Site "Bad Woerishofen"]
[Date "2007.03.09"]
[Round "2"]
[White "Kaiser, Hans"]
[Black "Scheidt, Eugen"]
[Result "0-1"]
[WhiteElo "1630"]
[BlackElo "1756"]
[PlyCount "86"]
[EventDate "2007.03.08"]
[EventType "swiss"]
[EventRounds "9"]
[EventCountry "GER"]
[SourceTitle "EXT 2022"]
[Source "ChessBase"]
[SourceDate "2021.10.06"]
[SourceVersion "1"]
[SourceVersionDate "2021.10.06"]
[SourceQuality "1"]

1. e4 c5 2. Nf3 d6 3. d4 cxd4 4. Nxd4 Nf6 5. Nc3 a6 6. Be2 e5 7. Nf3 Be7 8. 0-0 0-0 9. a4 b6 10. Re1 Bb7 11. Bc4 Qc7 12. Bb3 Nbd7 13. Nd5 Nxd5 14. exd5 Nc5 15. c4 Nxb3 16. Qxb3 Rac8 17. Nd2 f5 18. Qe3 Bf6 19. b3 Rb8 20. Rb1 Bc8 21. Ba3 Bd7 22. Rbc1 Rfe8 23. Nf3 g6 24. Qd2 Kg7 25. Qb4 e4 26. Qxd6 Qxd6 27. Bxd6 exf3 28. Bxb8 Rxb8 29. Red1 fxg2 30. d6 Kf7 31. Rd3 Rc8 32. Rcd1 Ke8 33. Rd5 Rc5 34. Rxc5 bxc5 35. Re1+ Kd8 36. Kxg2 Bc6+ 37. Kg3 Kd7 38. b4 cxb4 39. c5 Bxa4 40. Rb1 b3 41. h4 b2 42. h5 Bc2 43. hxg6 Bxb1 0-1

[Event "GER-ch Seniors 18th"]
[Site "Dresden"]
[Date "2006.07.27"]
[Round "6"]
[White "Kaiser, Hans"]
[Black "Wittelsberger, Helmut"]
[Result "0-1"]
[WhiteElo "1622"]
[BlackElo "1811"]
[PlyCount "50"]
[EventDate "2006.07.22"]
[EventType "swiss"]
[EventRounds "9"]
[EventCountry "GER"]
[SourceTitle "EXT 2022"]
[Source "ChessBase"]
[SourceDate "2021.10.06"]
[SourceVersion "1"]
[SourceVersionDate "2021.10.06"]
[SourceQuality "1"]

1. d4 Nf6 2. Nc3 d5 3. Bg5 e6 4. Nf3 c6 5. e3 Bd6 6. Bd3 Nbd7 7. 0-0 Qc7 8. e4 dxe4 9. Nxe4 Nxe4 10. Bxe4 h6 11. Bh4 f5 12. Bd3 g5 13. Re1 f4 14. Bxg5 hxg5 15. Rxe6+ Kd8 16. Nxg5 Nf8 17. Rxd6+ Ke7 18. Rg6 Nxg6 19. Bxg6 Kf6 20. Qd3 Kxg5 21. Re1 Qd6 22. Re5+ Kh6 23. Rh5+ Kg7 24. Be8 Rxh5 25. Bxh5 Qf6 0-1

[Event "Bad Woerishofen Seniors opA 22th"]
[Site "Bad Woerishofen"]
[Date "2006.03.21"]
[Round "5"]
[White "Schafroth, Georg"]
[Black "Kaiser, Hans"]
[Result "1/2-1/2"]
[WhiteElo "1366"]
[BlackElo "1577"]
[PlyCount "37"]
[EventDate "2006.03.17"]
[EventType "swiss"]
[EventRounds "9"]
[EventCountry "GER"]
[SourceTitle "EXT 2022"]
[Source "ChessBase"]
[SourceDate "2021.10.06"]
[SourceVersion "1"]
[SourceVersionDate "2021.10.06"]
[SourceQuality "1"]

1. d4 Nf6 2. c4 e6 3. Nc3 Bb4 4. Bd2 0-0 5. Nf3 d5 6. e3 c6 7. Bd3 Nbd7 8. Qc2 b6 9. 0-0 Bb7 10. Rfe1 dxc4 11. Bxc4 c5 12. a3 cxd4 13. Nxd4 Bd6 14. Bd3 Rc8 15. Qd1 Ne5 16. Be2 Nc4 17. Bc1 Nxa3 18. Qa4 Qd7 19. Qb3 1/2-1/2

[Event "GER-ch Seniors-A 17th"]
[Site "Essen"]
[Date "2005.08.28"]
[Round "9"]
[White "Kaiser, Hans"]
[Black "Stock, Hugo"]
[Result "1/2-1/2"]
[WhiteElo "1839"]
[BlackElo "1633"]
[PlyCount "20"]
[EventDate "2005.08.20"]
[EventType "swiss"]
[EventRounds "9"]
[EventCountry "GER"]
[SourceTitle "CBM 108 Extra"]
[Source "ChessBase"]
[SourceDate "2005.11.04"]
[SourceVersion "1"]
[SourceVersionDate "2005.11.04"]
[SourceQuality "1"]

1. e4 e5 2. Nf3 Nc6 3. d4 exd4 4. Nxd4 d6 5. Bc4 Nge7 6. Nxc6 Nxc6 7. Nc3 Be7 8. 0-0 0-0 9. Nd5 Be6 10. Nxe7+ Qxe7 1/2-1/2

[Event "Bad Woerishofen Seniors op 21st"]
[Site "Bad Woerishofen"]
[Date "2005.03.03"]
[Round "1"]
[White "Minz, Michail"]
[Black "Kaiser, Hans"]
[Result "1/2-1/2"]
[WhiteElo "2055"]
[BlackElo "1612"]
[PlyCount "126"]
[EventDate "2005.03.03"]
[EventType "swiss"]
[EventRounds "9"]
[EventCountry "GER"]
[SourceTitle "EXT 2006"]
[Source "ChessBase"]
[SourceDate "2005.11.24"]
[SourceVersion "1"]
[SourceVersionDate "2005.11.24"]
[SourceQuality "1"]

1. e4 c5 2. Nc3 Nc6 3. g3 g6 4. Bg2 Bg7 5. d3 d6 6. Be3 Nf6 7. h3 0-0 8. Qd2 Re8 9. Nce2 e5 10. Nf3 Qa5 11. Qxa5 Nxa5 12. Nc3 a6 13. Nd2 Be6 14. Nd5 Nxd5 15. exd5 Bd7 16. Ne4 Red8 17. Bg5 f6 18. Nxf6+ Bxf6 19. Bxf6 Re8 20. Bg5 b5 21. 0-0 Nb7 22. Rae1 Nd8 23. Bxd8 Raxd8 24. Kh2 Rf8 25. h4 Rf6 26. Bh3 Bxh3 27. Kxh3 Rdf8 28. Kg2 h5 29. Re2 b4 30. Ra1 Rb8 31. Re3 a5 32. Rf3 Kf7 33. Rxf6+ Kxf6 34. Kf3 Kf5 35. Ke3 a4 36. f3 Rh8 37. b3 a3 38. Rc1 Rb8 39. Rg1 Rh8 40. g4+ hxg4 41. Rxg4 Re8 42. Kd2 Rh8 43. c3 bxc3+ 44. Kxc3 Rb8 45. Ra4 g5 46. hxg5 Kxg5 47. Ra6 Rd8 48. b4 cxb4+ 49. Kxb4 Kf4 50. Rxa3 Kxf3 51. Ra6 Ke3 52. Kc3 Rc8+ 53. Rc6 Ra8 54. Rxd6 Ra3+ 55. Kb2 Rxd3 56. Rd8 Kd4 57. d6 Kc5 58. Re8 Rxd6 59. Rxe5+ Kb4 60. a3+ Ka4 61. Re4+ Ka5 62. Kb3 Rd3+ 63. Kc4 Rxa3 1/2-1/2

[Event "Wch Seniors 14th"]
[Site "Halle"]
[Date "2004.10.26"]
[Round "3"]
[White "Kaiser, Hans"]
[Black "Bromberger, Guenter"]
[Result "1/2-1/2"]
[WhiteElo "1804"]
[BlackElo "1387"]
[PlyCount "36"]
[EventDate "2004.10.24"]
[EventType "swiss"]
[EventRounds "11"]
[EventCountry "GER"]
[SourceTitle "EXT 2005"]
[Source "ChessBase"]
[SourceDate "2004.11.15"]
[SourceVersion "1"]
[SourceVersionDate "2004.11.15"]
[SourceQuality "1"]

1. e4 e5 2. Nf3 Nf6 3. Nc3 Nc6 4. Bb5 d6 5. d4 Bd7 6. d5 Ne7 7. Bc4 h6 8. 0-0 a6 9. a4 a5 10. Re1 c5 11. Nb5 Ng6 12. c3 Be7 13. Qb3 0-0 14. h3 Qc8 15. Kh2 Nh5 16. Rh1 f5 17. Bd3 Nhf4 18. Bf1 fxe4 1/2-1/2

[Event "GER-chA Seniors 16th"]
[Site "Templin"]
[Date "2004.09.11"]
[Round "8"]
[White "Bartlitz, Heinz"]
[Black "Kaiser, Hans"]
[Result "1/2-1/2"]
[WhiteElo "1560"]
[BlackElo "1603"]
[PlyCount "36"]
[EventDate "2004.09.04"]
[EventType "swiss"]
[EventRounds "9"]
[EventCountry "GER"]
[SourceTitle "EXT 2005"]
[Source "ChessBase"]
[SourceDate "2004.11.15"]
[SourceVersion "1"]
[SourceVersionDate "2004.11.15"]
[SourceQuality "1"]

1. e4 c5 2. Nf3 Nc6 3. d3 b5 4. c3 d6 5. g3 g6 6. Bg2 Bg7 7. 0-0 e6 8. Re1 Nge7 9. Be3 0-0 10. Qd2 Re8 11. Na3 Rb8 12. Nc2 a5 13. Rab1 b4 14. d4 cxd4 15. Ncxd4 Bb7 16. Nxc6 Bxc6 17. Nd4 Ba8 18. cxb4 axb4 1/2-1/2

[Event "GER-chA Seniors 16th"]
[Site "Templin"]
[Date "2004.09.09"]
[Round "6"]
[White "Harke, Horst"]
[Black "Kaiser, Hans"]
[Result "1-0"]
[WhiteElo "1759"]
[BlackElo "1603"]
[PlyCount "129"]
[EventDate "2004.09.04"]
[EventType "swiss"]
[EventRounds "9"]
[EventCountry "GER"]
[SourceTitle "EXT 2005"]
[Source "ChessBase"]
[SourceDate "2004.11.15"]
[SourceVersion "1"]
[SourceVersionDate "2004.11.15"]
[SourceQuality "1"]

1. d4 Nf6 2. c4 e6 3. Nc3 Bb4 4. Qc2 0-0 5. a3 Bxc3+ 6. Qxc3 d5 7. e3 c6 8. Nf3 Nbd7 9. Bd3 dxc4 10. Qxc4 Qc7 11. 0-0 e5 12. Qc2 Re8 13. Ng5 h6 14. Nxf7 Kxf7 15. Bg6+ Kf8 16. Bxe8 Kxe8 17. Bd2 b6 18. Qg6+ Kf8 19. f4 e4 20. Qg3 Ba6 21. Rfc1 Rc8 22. b4 Qd6 23. a4 Nd5 24. Qe1 Qg6 25. b5 Bb7 26. bxc6 Rxc6 27. Rxc6 Bxc6 28. Qc1 a5 29. Qc2 Ne7 30. Rc1 Kg8 31. Be1 Nf6 32. Bh4 Kh7 33. Bxf6 Qxf6 34. g3 Bd5 35. Rb1 Qe6 36. Qd1 Bc4 37. Qh5 Nd5 38. f5 Qf6 39. Kf2 Nb4 40. Qg6+ Qxg6 41. fxg6+ Kxg6 42. g4 Kf6 43. h4 Be6 44. Kg3 Bd7 45. Rf1+ Ke6 46. Rf4 Bc6 47. Rf8 Nd5 48. Rg8 Kf7 49. Rd8 Ke6 50. Rg8 Kf7 51. Rd8 Nxe3 52. Rd6 Bxa4 53. Rxb6 Bd1 54. Rb7+ Kg6 55. d5 Nxg4 56. d6 e3 57. Re7 Kf6 58. Re4 e2 59. Re7 Ne5 60. Rxe5 Kxe5 61. d7 a4 62. d8Q Kf5 63. Qd4 g5 64. h5 g4 65. Qe3 1-0